00268nam a22001217a 4500003000400000082002100004100001700025245003800042260002900080300000800109942001200117999001700129SGT a8170490820bI97S aSHARMA, B.N. aINDIA BETRAYED: THE ROLE OF NEHRU bMANAS PUBLICATIONSc1997 a421 2ddccBK c29283d29283